Пограничные слои атмосферы (Запись № 3940669)

Подробности
000 -МАРКЕР
контрольное поле 01953nam0a2200325 i 4500
001 - ИДЕНТИФИКАТОР ЗАПИСИ
контрольное поле RU\NLR\bibl\1981191
005 - ИДЕНТИФИКАТОР ВЕРСИИ
контрольное поле 20260408091426.0
010 ## - МЕЖДУНАРОДНЫЙ СТАНДАРТНЫЙ НОМЕР КНИГИ (ISBN)
Номер (ISBN) 9785891185951
Тираж 400
021 ## - НОМЕР ГОСУДАРСТВЕННОЙ РЕГИСТРАЦИИ
Код страны российская федерация
Номер 2012-93203
Номер Листа государственной регистраци 6906
035 ## - ДРУГИЕ СИСТЕМНЫЕ НОМЕРА
Идентификатор записи (NLR Aleph) 001969874
100 ## - ДАННЫЕ ОБЩЕЙ ОБРАБОТКИ
Данные общей обработки 20121220d2012 u y0rusy50 ca
101 1# - ЯЗЫК РЕСУРСА
Язык текста, звукозаписи и т.д. русский
Язык оригинала английский
102 ## - СТРАНА ПУБЛИКАЦИИ ИЛИ ПРОИЗВОДСТВА
Страна публикации российская федерация
105 ## - ПОЛЕ КОДИРОВАННЫХ ДАННЫХ: ТЕКСТОВЫЕ МАТЕРИАЛЫ, МОНОГРАФИЧЕСКИЕ
Кодированные данные о монографическом текстовом документе a |||||||||
200 1# - ЗАГЛАВИЕ И СВЕДЕНИЯ ОБ ОТВЕТСТВЕННОСТИ
Основное заглавие Пограничные слои атмосферы
Сведения, относящиеся к заглавию природа, теория и приложения к моделированию и охране окружающей среды
-- [сборник докладов конференции НАТО в Дубровнике, Хорватия, 18-22 апреля 2006 года]
Первые сведения об ответственности ред.: А. Бакланов, Б. Гризогоно
Последующие сведения об ответственности [пер. с англ. и ред. д.г.н. Н.А. Зайцевой
-- науч. ред. акад.: Г.С. Голицын]
210 ## - ПУБЛИКАЦИЯ, РАСПРОСТРАНЕНИЕ И ДР.
Место издания, распространения и т.д. Москва
Имя издателя, распространителя и т. д. ГЕОС
Дата издания, распространения и т.д. 2012
215 ## - ФИЗИЧЕСКАЯ ХАРАКТЕРИСТИКА
Специфическое обозначение материала и объем 259 с.
Другие сведения о физической характеристике ил., цв. ил.
Размеры 25
320 ## - ПРИМЕЧАНИЯ О НАЛИЧИИ В ДОКУМЕНТЕ БИБЛИОГРАФИИ / УКАЗАТЕЛЯ
Текст примечания Библиогр. в конце докл.
606 ## - НАИМЕНОВАНИЕ ТЕМЫ КАК ПРЕДМЕТ
Наименование темы Атмосфера
Формальный подзаголовок Съезды, совещания и т.п.
Тематический подзаголовок Пограничный слой
Системный номер авторитетной/нормативной записи 2601751
Идентификатор авторитетной/нормативной записи RU\NLR\auth\661538309
686 ## - ИНДЕКСЫ ДРУГИХ КЛАССИФИКАЦИЙ
Индекс Д242.147.32я431
686 ## - ИНДЕКСЫ ДРУГИХ КЛАССИФИКАЦИЙ
Индекс Д242.8я431
702 #1 - ИМЯ ЛИЦА - ВТОРИЧНАЯ ОТВЕТСТВЕННОСТЬ
Начальный элемент ввода Бакланов
Часть имени, кроме начального элемента ввода А.
Код отношения Редактор
702 #1 - ИМЯ ЛИЦА - ВТОРИЧНАЯ ОТВЕТСТВЕННОСТЬ
Код отношения Редактор
Графика поля Кириллица
Материалы, к которым относится поле rus
Начальный элемент ввода Голицын
Часть имени, кроме начального элемента ввода Г. С.
Дополнения к именам, кроме дат д-р физ.-мат. наук
Даты 1935-
Расширение инициалов личного имени Георгий Сергеевич
Системный номер авторитетной/нормативной записи 268149
Идентификатор авторитетной/нормативной записи RU\NLR\AUTH\770268205
711 12 - НАИМЕНОВАНИЕ ОРГАНИЗАЦИИ - АЛЬТЕРНАТИВНАЯ ОТВЕТСТВЕННОСТЬ
Начальный элемент ввода Международная конференция на тему "Атмосферные пограничные слои: моделирование и приложения к проблемам безопасности окружающей среды"
Дата проведения временной организации 2006
Место проведения временной организации Дубровник
Идентификатор авторитетной/нормативной записи RU\NLR\AUTH\8810230345
Системный номер авторитетной/нормативной записи 345701
801 #0 - ИСТОЧНИК ЗАПИСИ
Страна российская федерация
Организация NLR
Дата составления 20121220
Правила каталогизации RCR
801 #1 - ИСТОЧНИК ЗАПИСИ
Страна российская федерация
Организация NLR
Дата составления 20121220
942 ## - ДОПОЛНИТЕЛЬНЫЕ ЭЛЕМЕНТЫ ЗАПИСИ (АБИС)
Тип экземпляра АБИС Книга
980 ## - КОЛЛЕКЦИЯ
Название коллекции НБР

Нет доступных экземпляров.